Countries With The Most Kurds - Statistics

General Stats
  • This quiz has been taken 194 times
  • The average score is 8 of 10
Answer Stats
Kurdish Population Country % Correct
4,925,000 Iraq
98%
13,950,000 Turkey
98%
7,100,000 Iran
97%
1,800,000 Syria
95%
675,000 Germany
78%
63,818 Russia
69%
145,000 France
64%
200,000 Israel
59%
294,000 Lebanon
55%
65,000 Netherlands
39%
No matching quizzes found
Score Distribution
Percent of People with Each Score
Percentile by Number Answered
Your Score History
You have not taken this quiz